000 00320nam a22001337a 4500
008 170628b xxu||||| |||| 00| 0 eng d
020 _a9780787658366
041 _aeng
080 _a82
100 _a21
101 _aGJL
245 _aBECHAM S GUIDE LITERATURE FOR YOUNG ADULTS
_cPEACOCK.S
942 _2udc
_cBK
999 _c19347
_d19347